000
00346 a2200157 4500
001
191042
020
_a
978-85-66470-48-2
040
_c
Magnum
100
_a
Munduruku, Daniel
240
1
0
_a
Foi vovó que disse
_l
por
245
1
0
_a
Foi vovó que disse
300
_a
24
362
0
_a
2014
697
_a
LITERATURA INFANTO-JUVENIL
942
_c
BK
999
_c
191042
_d
191042